000 00296nam a22001337a 4500
008 170823b xxu||||| |||| 00| 0 eng d
020 _a0534173586
041 _aeng
080 _24TH
_a51
100 _a38
101 _aMAT
245 _aINTRODUCTION TO ANALYSIS
_cGAUGHAN,E.D
942 _2udc
_cBK
999 _c24622
_d24622